000 00412nam a2200145 a 4500
001 000031040
005 20200930062651.0
008 110610s1936 dr 000 0 spa d
040 _aDO-SdBNP
_bspa
_cBNPHU
100 1 _aRead, Horacio
_927413
245 1 0 _aAislados :
_bnovela /.
260 _aCiudad Trujillo, República Dominicana :
_bEditorial La Nación,
_c1936.
300 _a164 p. ;
_c21 cm.
049 _aBNPD
999 _c30532
_d30532